| 000 | 00712cam a22002531 4500 | ||
|---|---|---|---|
| 001 | sa 68010814 | ||
| 003 | DLC | ||
| 005 | 20260227112555.0 | ||
| 008 | 900226s1968 ii c 000 0 panr | ||
| 010 | _asa 68010814 | ||
| 025 | _aPL480:I-Pu-1196 | ||
| 035 | _a(OCoLC)21122341 | ||
| 040 |
_aDLC _cMiEM _dMiEM _dDLC |
||
| 042 | _apremarc | ||
| 050 | 0 | 0 |
_aPK2656 _b.D5 |
| 100 | 1 |
_aDilgir, Hardev, _d1939- |
|
| 245 | 1 | 0 |
_aCāa Mukalāwe dā. _c[Lekhaka] Haradewa 'Dilagīra.' |
| 250 | _a[1. Wāra. | ||
| 260 |
_aAmritasara, _bBhāī Catara Siṅgha Jīwana Siṅgha, _c1968] |
||
| 300 |
_a134 p. _bports. _c19 cm. |
||
| 500 | _aWithout the notation. | ||
| 500 | _aIn Panjabi. | ||
| 650 | 0 |
_aFolk songs _zIndia. |
|
| 999 |
_c83566 _d83566 |
||